000 00739nam a2200205 a 4500
001 000023079
005 20200930021955.0
008 101126s1983 ck r 000 | spa d
020 _a0861040724
040 _aDO-SdBNP
_bspa
_cBNPHU
082 _axxx
_bO13r
245 1 4 _aLos obreros rusos contra la U.R.R.S. :
_btestimonios de trabajadores disidentes /
_crecopilados por Olga Semyonova y Viktor Haynes ; traducción Yolanda Martínez Cowley.
260 _a(Colombia) :
_bKosmo,
_c1983.
300 _a198 p. ;
_c21 cm.
534 _aTítulo original :
_tWorkers against the Gulag
700 1 _aSemyonova, Olga
_ecomp.
_947514
700 1 _aHaynes, Viktor
_ecomp.
_947515
700 1 _aMartínez Cowley, Yolanda
_etr.
_947516
049 _aBNGR
999 _c22576
_d22576